| 000 | 01041nam a22002777a 4500 | ||
|---|---|---|---|
| 001 | 10112 | ||
| 003 | FISKH | ||
| 005 | 20260421101933.0 | ||
| 008 | 260421b cb ||||| |||| 00| 0 eng d | ||
| 040 |
_aFISKH _beng _cFISKH _dFISKH |
||
| 050 | _aQA113 .I36 | ||
| 082 | _a513 | ||
| 100 | _aAnonymous | ||
| 245 | _aI know addition / | ||
| 260 |
_aSingapore : _bNewton Publication, _c[] |
||
| 300 |
_a32 pages : _bcolor illustrations ; _c30 cm |
||
| 505 | _aF | ||
| 520 | _aA beginner-level mathematics activity book designed to introduce young learners to the concept of addition. It includes simple sums, counting and matching exercises, and color-by-number activities to develop early numeracy skills in an engaging and visual way. | ||
| 521 | 8 |
_a300
_bLexile estimate |
|
| 521 | 8 |
_aF
_bRaz-Plus |
|
| 650 |
_aAddition _vStudy and teaching (Early childhood) |
||
| 650 |
_aMathematics _vJuvenile literature _xActivity books Counting |
||
| 650 |
_aArithmetic _vJuvenile literature |
||
| 942 |
_2ddc _cBK _n0 |
||
| 999 |
_c10112 _d10112 |
||